বাংলাদেশের অর্থনীতি : সেলিম জাহান.

Bibliographic Details
Main Author: জাহান, সেলিম
Format: Unknown
Language:Bengali
Published: ঢাকা : জাগৃতি প্রকাশনী, ২০২৫.
Subjects:
LEADER 01439 a2200301 4500
001 44424
003 BD-DhAAL
005 20250430132503.0
008 250430t2025 bg ||||| |||| 00| 0 ben d
020 |a 9789849843283 
040 |a BD-DhAAL  |d BD-DhAAL 
041 |a ben 
082 |a 330.95492  |2 23 
100 |a জাহান, সেলিম.  |9 58203 
245 |a বাংলাদেশের অর্থনীতি :  |c বর্তমান ও ভবিষ্যৎ /  |b সেলিম জাহান. 
246 |a Bangladesher orthoniti :  |b bortoman o vabishshot 
260 |a ঢাকা :  |b জাগৃতি প্রকাশনী,  |c ২০২৫. 
300 |a ১৮৩ পৃষ্ঠা ;  |c ২২ সে.মি. 
526 |x Dr. Imran Matin Executive Director BRAC Institute of Governance and Development (BIGD), BRAC University. Course name and no.: N/A 
541 |a Jagriti Prokashony  |e 44424 
650 |a Economic development  |x Bangladesh.  |9 19800 
650 |a Economics. 
651 |a Bangladesh  |x Economic conditions. 
651 |a Bangladesh  |x Economic policy. 
852 |a BRAC Institute of Governance and Development (BIGD) 
942 |2 ddc  |c BK 
999 |c 47299  |d 47299 
952 |0 0  |1 0  |2 ddc  |4 0  |6 330_954920500000000_JAH  |7 0  |9 77688  |a BIGD  |b BIGD  |d 2025-04-30  |e Jagriti Prokashony  |g 330.00  |l 0  |o 330.9549205 JAH  |p 3050044424  |r 2025-04-30  |t 1  |v 450.00  |w 2025-04-30  |y BK  |x Requisitioned by Dr. Imran Matin, Executive Director, BIGD.